| 000 | 00752nam a2200265Ia 4500 | ||
|---|---|---|---|
| 003 | OSt | ||
| 005 | 20221005081044.0 | ||
| 006 | a|||||r|||| 00| 0 | ||
| 007 | ta | ||
| 008 | 221004b |||||||| |||| 00| 0 eng d | ||
| 020 |
_a9788189988975 (hbk) _cIndian Rupees 599 |
||
| 024 | _a69813 | ||
| 037 |
_bGift, 01/11/2021, _cTextual |
||
| 040 |
_aCRL _cCRL _beng |
||
| 041 |
_2eng _aeng |
||
| 082 | _aZwN42, Q5 | ||
| 100 |
_aGupta J. L. Au. _9610801 |
||
| 245 | 0 |
_aRingside view _b true story of a fight against cancer |
|
| 260 |
_aNew Delhi _bPicus Books India _c2015 |
||
| 300 |
_a118p. _ccm. |
||
| 490 | _v2015 | ||
| 650 | _aLAW | ||
| 942 |
_hZwN42, Q5 _cTEXL _2cc |
||
| 999 |
_c987129 _d987129 |
||